000
00196 a2200085 4500
020
_a
9781539528982
100
_a
RATH, SUDIPTA
245
_a
WOMB YOUR ENTERNAL SOUL WITHIN
260
_b
POTHI.COM
_c
2016
999
_c
218425
_d
218425